[Event "III Torneo Internacional De Promoción"]
[Site "S. S. De Los Reyes (Madrid)"]
[Date "2004.04.03"]
[Round "1"]
[White "Herrera, Irisberto"]
[Black "Braga, Fernando"]
[Result "1/2-1/2"]
[WhiteElo "2431"]
[BlackElo "2443"]
[PlyCount "24"]
[EventDate "2004.04.??"]
[SourceDate "2004.04.03"]

1. e4 c5 2. Nf3 Nc6 3. d4 cxd4 4. Nxd4 g6 5. Nc3 Bg7 6. Be3 Nf6 7. Bc4 Qa5 8.
O-O O-O 9. Bb3 d6 10. h3 Bd7 11. f4 Qh5 12. Qxh5 Nxh5 1/2-1/2

[Event "III Torneo Internacional De Promoción"]
[Site "S. S. De Los Reyes (Madrid)"]
[Date "2004.04.03"]
[Round "1"]
[White "Escobar Forero, Alder"]
[Black "Mascaro March, Pedro"]
[Result "1-0"]
[WhiteElo "2405"]
[BlackElo "2309"]
[PlyCount "73"]
[EventDate "2004.04.??"]
[SourceDate "2004.04.03"]

1. e4 c5 2. Nf3 d6 3. d4 cxd4 4. Nxd4 Nf6 5. Nc3 Nc6 6. Nb3 g6 7. Be2 Bg7 8.
O-O O-O 9. Re1 a5 10. a4 Be6 11. Bg5 Rc8 12. Bf3 Ne5 13. Nd4 Nxf3+ 14. Qxf3 Bg4
15. Qg3 Qb6 16. Ndb5 Be6 17. Be3 Qd8 18. Rad1 Bc4 19. Na7 Ra8 20. e5 Ne8 21.
Qh4 Qc7 22. Rd4 Be6 23. Nab5 Qc6 24. Bf4 dxe5 25. Bxe5 Bxe5 26. Rxe5 Nf6 27.
Re1 Rad8 28. Red1 Rxd4 29. Qxd4 Bf5 30. Qe5 Qe6 31. Qc7 Ne4 32. Re1 Rc8 33.
Qxb7 Nd6 34. Rxe6 Nxb7 35. Rxe7 Nc5 36. Re2 Na6 37. Nd6 1-0

[Event "III Torneo Internacional De Promoción"]
[Site "S. S. De Los Reyes (Madrid)"]
[Date "2004.04.03"]
[Round "1"]
[White "Zlotnik, Boris A"]
[Black "San Emeterio Cabanes, Jose Luis"]
[Result "1/2-1/2"]
[WhiteElo "2424"]
[BlackElo "2360"]
[PlyCount "84"]
[EventDate "2004.04.??"]
[SourceDate "2004.04.03"]

1. d4 Nf6 2. c4 g6 3. Nf3 Bg7 4. g3 O-O 5. Bg2 d6 6. O-O Nc6 7. Nc3 a6 8. Bd2
Rb8 9. Rc1 Bd7 10. b3 b5 11. d5 b4 12. dxc6 bxc3 13. cxd7 cxd2 14. Qxd2 Nxd7
15. h4 c5 16. h5 a5 17. Rb1 Qb6 18. a3 a4 19. b4 cxb4 20. axb4 a3 21. hxg6 hxg6
22. Ne1 Ne5 23. Qa2 Rfc8 24. Qxa3 Rxc4 25. b5 Rc5 26. Nd3 Nxd3 27. Qxd3 Rxb5
28. Rxb5 Qxb5 29. Qxb5 Rxb5 30. e3 Bc3 31. Rc1 Ba5 32. Be4 Kg7 33. Kf1 f5 34.
Rb1 Rc5 35. Bd3 Rc7 36. Ke2 Kf6 37. g4 e5 38. gxf5 gxf5 39. Rb5 Bc3 40. Bb1 e4
41. f3 exf3+ 42. Kxf3 Be5 1/2-1/2

[Event "III Torneo Internacional De Promoción"]
[Site "S. S. De Los Reyes (Madrid)"]
[Date "2004.04.03"]
[Round "1"]
[White "Llanes Hurtado, Miguel"]
[Black "Camarena Gimenez, Rufino"]
[Result "1-0"]
[WhiteElo "2299"]
[BlackElo "2348"]
[PlyCount "57"]
[EventDate "2004.04.??"]
[SourceDate "2004.04.03"]

1. d4 Nf6 2. Nf3 e6 3. c4 Bb4+ 4. Bd2 Qe7 5. g3 Nc6 6. Nc3 Bxc3 7. Bxc3 O-O 8.
d5 Nd8 9. Qc2 d6 10. Bg2 e5 11. e4 c5 12. O-O Bd7 13. a4 Ne8 {(=).} 14. Nh4 g6
15. f4 f6 16. a5 exf4 17. gxf4 f5 18. Nf3 Qxe4 19. Qxe4 fxe4 20. Ng5 Bf5 21.
Bxe4 h6 22. Bxf5 gxf5 23. Nf3 Nf6 24. Kh1 Rf7 25. Rg1+ Kh7 26. Bxf6 Rxf6 27.
Rae1 Nf7 28. Re7 Rb8 29. Ne5 1-0

[Event "III Torneo Internacional De Promoción"]
[Site "S. S. De Los Reyes (Madrid)"]
[Date "2004.04.03"]
[Round "1"]
[White "Lopez Del Alamo, Antonio"]
[Black "Almagro Llanas, Pablo"]
[Result "1-0"]
[WhiteElo "2274"]
[BlackElo "2389"]
[PlyCount "93"]
[EventDate "2004.04.??"]
[SourceDate "2004.04.03"]

1. e4 c6 2. d4 d5 3. Nd2 dxe4 4. Nxe4 Bf5 5. Ng3 Bg6 6. h4 h6 7. Nf3 Nf6 8. Ne5
Bh7 9. Bd3 Bxd3 10. Qxd3 e6 11. Bd2 Bd6 12. f4 Nbd7 13. O-O-O Qc7 14. Ne4 Nxe4
15. Qxe4 Nf6 16. Qe2 O-O-O 17. g4 h5 18. g5 Nd5 19. Rhf1 c5 20. dxc5 Bxe5 21.
Qxe5 Qxe5 22. fxe5 Rhf8 23. c6 bxc6 24. c4 Ne7 25. Bb4 Rxd1+ 26. Rxd1 Re8 27.
Bxe7 Rxe7 28. Rd6 Kc7 29. c5 Re8 30. Kc2 g6 31. Kc3 Rb8 32. a3 a5 33. b3 Rb5
34. Kc4 Rb8 35. Rd4 Rb7 36. Kc3 Rb5 37. b4 axb4+ 38. axb4 Rb7 39. Rf4 Kd8 40.
Kc4 Ra7 41. Rf3 Kc8 42. Kb3 Rd7 43. b5 cxb5 44. Kb4 Kb7 45. Kxb5 Rc7 46. Ra3
Rc8 47. c6+ 1-0

[Event "III Torneo Internacional De Promoción"]
[Site "S. S. De Los Reyes (Madrid)"]
[Date "2004.04.04"]
[Round "2"]
[White "Braga, Fernando"]
[Black "Almagro Llanas, Pablo"]
[Result "1-0"]
[WhiteElo "2443"]
[BlackElo "2389"]
[PlyCount "80"]
[EventDate "2004.04.??"]
[SourceDate "2004.04.03"]

1. e4 c6 2. d4 d5 3. exd5 cxd5 4. c4 Nf6 5. Nc3 Nc6 6. Nf3 Bg4 7. cxd5 Nxd5 8.
Qb3 Bxf3 9. gxf3 Nb6 10. d5 Nd4 11. Bb5+ Nd7 12. Qa4 Nxb5 13. Qxb5 g6 14. O-O
Bg7 15. Re1 O-O 16. Bg5 Bf6 17. Bxf6 exf6 18. Re3 Nb6 19. Rd1 Qd6 20. Qb3 Rad8
21. Ne4 Qe5 22. d6 f5 23. Nc3 Qf6 24. Qb4 Rd7 25. f4 Rfd8 26. Red3 Qh4 27. h3
Qf6 28. a4 Kg7 29. a5 Nc8 30. Nd5 Qxd6 31. Qc3+ Kh6 32. Nf6 Qxd3 33. Rxd3 Rxd3
34. Ng8+ Rxg8 35. Qxd3 b6 36. a6 Rf8 37. Qd4 f6 38. Qd7 Rg8 39. Qf7 Rd8 40. Kg2
Rd4 1-0

[Event "III Torneo Internacional De Promoción"]
[Site "S. S. De Los Reyes (Madrid)"]
[Date "2004.04.04"]
[Round "2"]
[White "Camarena Gimenez, Rufino"]
[Black "Lopez Del Alamo, Antonio"]
[Result "0-1"]
[WhiteElo "2348"]
[BlackElo "2274"]
[PlyCount "122"]
[EventDate "2004.04.??"]
[SourceDate "2004.04.03"]

1. d4 Nf6 2. c4 g6 3. Nc3 Bg7 4. e4 d6 5. Nf3 O-O 6. Be2 e5 7. dxe5 dxe5 8.
Qxd8 Rxd8 9. Bg5 Nbd7 10. O-O-O Rf8 11. Nd5 c6 12. Ne7+ Kh8 13. Be3 Re8 14.
Nxc8 Raxc8 15. c5 Bf8 16. Ng5 Kg7 17. Bc4 Re7 18. f3 h6 19. Nh3 Ree8 20. b4 b6
21. g4 g5 22. Nf2 bxc5 23. bxc5 Bxc5 24. Bxc5 Nxc5 25. Rd6 Red8 26. Rhd1 Rxd6
27. Rxd6 Ne8 28. Rd2 Kf6 29. Nd3 Nxd3+ 30. Rxd3 Ke7 31. Rb3 Nd6 32. Ba6 Rh8 33.
Ra3 Kd7 34. Be2 Ra8 35. Ra5 f6 36. Ba6 Kc7 37. Ra3 Kb6 38. Be2 a5 39. Rb3+ Kc7
40. Kc2 a4 41. Rb1 c5 42. Kc3 Rh8 43. h4 h5 44. hxg5 fxg5 45. gxh5 Rxh5 46. Rg1
Rh2 47. Kd3 Nf7 48. Ke3 Rh7 49. Rc1 Kc6 50. Rb1 Nd6 51. Rg1 Rg7 52. Rd1 Rd7 53.
Rg1 c4 54. Rxg5 c3 55. Rg1 Kc5 56. f4 exf4+ 57. Kxf4 Re7 58. Bd3 Kd4 59. Rd1
Rf7+ 60. Kg3 Nxe4+ 61. Bxe4+ Kxe4 0-1

[Event "III Torneo Internacional De Promoción"]
[Site "S. S. De Los Reyes (Madrid)"]
[Date "2004.04.04"]
[Round "2"]
[White "San Emeterio Cabanes, Jose Luis"]
[Black "Llanes Hurtado, Miguel"]
[Result "0-1"]
[WhiteElo "2360"]
[BlackElo "2299"]
[PlyCount "72"]
[EventDate "2004.04.??"]
[SourceDate "2004.04.03"]

1. e4 c5 2. Nf3 Nc6 3. Bb5 g6 4. Bxc6 dxc6 5. h3 e5 6. d3 f6 7. Be3 Nh6 8. Qd2
Nf7 9. Nc3 Be6 10. Ne2 g5 11. Qc3 Qd6 12. h4 g4 13. Nd2 a5 14. Ng3 b6 15. Ndf1
h5 16. Ne2 Qd7 17. Qd2 Nd6 18. Nfg3 Nb5 19. O-O O-O-O {(=).} 20. a3 Kb7 21. c4
Nc7 22. Rfd1 Be7 23. Nc3 f5 24. exf5 Bxf5 25. Nxf5 Qxf5 26. Qc2 Na6 27. Na4 Kc7
28. Rab1 Rb8 29. g3 Qf3 30. Nc3 Rhe8 31. Ne4 Rbd8 32. Qc3 Qf5 33. Re1 Rd7 34.
Rbd1 Red8 35. Qc2 Kb7 36. Qe2 Nc7 $138 {Tiempo.} 0-1

[Event "III Torneo Internacional De Promoción"]
[Site "S. S. De Los Reyes (Madrid)"]
[Date "2004.04.04"]
[Round "2"]
[White "Mascaro March, Pedro"]
[Black "Zlotnik, Boris A"]
[Result "0-1"]
[WhiteElo "2309"]
[BlackElo "2424"]
[PlyCount "78"]
[EventDate "2004.04.??"]
[SourceDate "2004.04.03"]

1. d4 Nf6 2. c4 e6 3. Nc3 Bb4 4. Qc2 O-O 5. a3 Bxc3+ 6. Qxc3 b6 7. Bg5 Ba6 8.
e3 d6 9. Bd3 Nbd7 10. Nf3 c5 11. b4 cxd4 12. exd4 Rc8 13. Qb3 h6 14. Bxf6 Qxf6
15. Qa4 Nb8 16. O-O Rc7 17. Rfd1 Rfc8 18. Rac1 b5 19. Qa5 bxc4 20. Nd2 Qg5 21.
d5 Qxd5 22. Qxd5 exd5 23. Bf5 Re8 24. Nf1 Bb7 25. Ne3 Re5 26. Rc3 Rce7 27. Bg4
Na6 28. Rcc1 Nc7 29. Nf5 R7e6 30. g3 Rf6 31. Nd4 a6 32. a4 Ne6 33. f4 Nxd4 34.
Rxd4 Re3 35. Kf2 Rb3 36. Re1 Rxb4 37. Re8+ Kh7 38. Rb8 a5 39. Bf3 Re6 0-1

[Event "III Torneo Internacional De Promoción"]
[Site "S. S. De Los Reyes (Madrid)"]
[Date "2004.04.04"]
[Round "2"]
[White "Herrera, Irisberto"]
[Black "Escobar Forero, Alder"]
[Result "1-0"]
[WhiteElo "2431"]
[BlackElo "2405"]
[PlyCount "69"]
[EventDate "2004.04.??"]
[SourceDate "2004.04.03"]

1. e4 c5 2. Nf3 d6 3. d4 cxd4 4. Nxd4 Nf6 5. Nc3 Bd7 6. Be2 e5 7. Nb3 Bc6 8.
Bg5 Be7 9. Bxf6 Bxf6 10. Qd3 Na6 11. O-O-O Be7 12. Nd5 Nc7 13. Nxe7 Qxe7 14.
Qxd6 Qxd6 15. Rxd6 Bxe4 16. f3 Bf5 17. Na5 Rb8 18. Bc4 Ke7 19. Rhd1 h5 20. R6d2
Rh6 21. Bd3 Bd7 22. Be4 Be8 23. Nc4 Ra6 24. a3 Kf6 25. g4 Ne6 26. gxh5 Bc6 27.
Ne3 Bxe4 28. fxe4 Kg5 29. Rf2 Nf4 30. Rg1+ Kxh5 31. Rxg7 Rf6 32. Nf5 Rc8 33.
Kb1 Rc4 34. h4 Ne6 35. Rfg2 1-0

[Event "III Torneo Internacional De Promoción"]
[Site "S. S. De Los Reyes (Madrid)"]
[Date "2004.04.05"]
[Round "3"]
[White "Escobar Forero, Alder"]
[Black "Braga, Fernando"]
[Result "1/2-1/2"]
[WhiteElo "2405"]
[BlackElo "2443"]
[PlyCount "86"]
[EventDate "2004.04.??"]
[SourceDate "2004.04.03"]

1. e4 c5 2. Nf3 Nc6 3. d4 cxd4 4. Nxd4 g6 5. Nc3 Bg7 6. Be3 Nf6 7. Nb3 O-O 8.
Be2 d6 9. O-O b6 10. Qd2 Bb7 11. Bh6 Bxh6 12. Qxh6 Na5 13. Bd3 Rc8 14. Nxa5
bxa5 15. Qe3 Qb6 16. Rfe1 Qxe3 17. Rxe3 Ng4 18. Ree1 Ne5 19. Rad1 Rc5 20. Bf1
Bc6 21. Rd2 Rb8 22. Nd1 Rb7 23. b3 a4 24. Nb2 a5 25. f4 Nd7 26. Nd3 Rc3 27. e5
axb3 28. cxb3 a4 29. exd6 exd6 30. Rc1 Rxc1 31. Nxc1 d5 32. bxa4 Rb1 33. Nb3
Bxa4 34. Rxd5 Nf6 35. Rd3 Kg7 36. Nd2 Rd1 37. Nb3 Rb1 38. Nd2 Rb2 39. a3 Ra2
40. h3 Bb5 41. Rb3 Ba4 42. Rd3 Bb5 43. Rb3 Ba4 1/2-1/2

[Event "III Torneo Internacional De Promoción"]
[Site "S. S. De Los Reyes (Madrid)"]
[Date "2004.04.05"]
[Round "3"]
[White "Zlotnik, Boris A"]
[Black "Herrera, Irisberto"]
[Result "1/2-1/2"]
[WhiteElo "2424"]
[BlackElo "2431"]
[PlyCount "23"]
[EventDate "2004.04.??"]
[SourceDate "2004.04.03"]

1. d4 Nf6 2. c4 e6 3. Nf3 b6 4. Nc3 Bb7 5. e3 Be7 6. Bd3 O-O 7. O-O d5 8. cxd5
exd5 9. b3 Nbd7 10. Bb2 Re8 11. Qe2 a5 12. Rfd1 1/2-1/2

[Event "III Torneo Internacional De Promoción"]
[Site "S. S. De Los Reyes (Madrid)"]
[Date "2004.04.05"]
[Round "3"]
[White "Llanes Hurtado, Miguel"]
[Black "Mascaro March, Pedro"]
[Result "1-0"]
[WhiteElo "2299"]
[BlackElo "2309"]
[PlyCount "107"]
[EventDate "2004.04.??"]
[SourceDate "2004.04.03"]

1. d4 Nf6 2. c4 e6 3. g3 d5 4. Nf3 Be7 5. Bg2 O-O 6. O-O dxc4 7. Qc2 a6 8. a4
Bd7 9. Qxc4 Bc6 10. Bg5 Nbd7 11. Nc3 a5 12. Rfd1 h6 13. Bxf6 Nxf6 14. Rac1 Bb4
15. Ne1 Bxg2 16. Kxg2 Qe7 17. Qb3 Rfd8 18. Nc2 c6 19. Ne3 e5 20. d5 e4 21. dxc6
bxc6 22. Rxd8+ Rxd8 23. Rd1 Rxd1 24. Ncxd1 Qd6 25. Qc4 Bc5 26. Qa6 Qd2 27. Qxc6
Bxe3 28. Nxe3 Qxe2 29. Qc8+ Kh7 30. Qf5+ Kg8 31. Qxa5 Qxb2 32. Qc7 g6 33. a5
Qb5 34. Qc8+ Kh7 35. a6 Nd5 36. Nxd5 Qxd5 37. Qb7 Qf5 38. Qb3 Qd7 39. Qe3 Qa4
40. a7 Qa6 41. h4 h5 42. Qd4 Qb7 43. Kh2 Qa6 44. Kg1 Qa2 45. Qd7 Qb1+ 46. Kg2
Qa2 47. Qe7 Qd5 48. Kh2 Qf5 49. Kg1 Qd5 50. Qa3 Qa8 51. Qa2 Kg8 52. Qa5 e3 53.
fxe3 Kh7 54. Kf2 1-0

[Event "III Torneo Internacional De Promoción"]
[Site "S. S. De Los Reyes (Madrid)"]
[Date "2004.04.05"]
[Round "3"]
[White "Lopez Del Alamo, Antonio"]
[Black "San Emeterio Cabanes, Jose Luis"]
[Result "0-1"]
[WhiteElo "2274"]
[BlackElo "2360"]
[PlyCount "122"]
[EventDate "2004.04.??"]
[SourceDate "2004.04.03"]

1. e4 c5 2. Nf3 e6 3. d4 cxd4 4. Nxd4 a6 5. Nc3 Qc7 6. g3 Nc6 7. Bg2 Nge7 8.
Nb3 b5 9. O-O d6 10. f4 Bb7 11. Be3 b4 12. Na4 Nc8 13. Rc1 a5 14. c4 Qd7 15. c5
Nd8 16. Nd4 dxc5 17. Nxc5 Bxc5 18. Rxc5 Nd6 19. Qc2 O-O 20. Rc7 Qe8 21. e5 Bxg2
22. Qxg2 N6b7 23. Rfc1 Rb8 24. Qe2 f6 25. Nf3 Rf7 26. exf6 gxf6 27. Nh4 Nd6 28.
Qa6 N8b7 29. Nf3 Qb5 30. Qa7 Rbf8 31. Rxf7 Rxf7 32. Qd4 Qe2 33. Nh4 Nb5 34. Qd2
Qxd2 35. Bxd2 Rd7 36. Be3 Kf7 37. Kf2 N7d6 38. Nf3 a4 39. Ke2 a3 40. bxa3 Nc3+
41. Kf2 Nxa2 42. Rb1 bxa3 43. Ra1 Nc3 44. Rxa3 Nd1+ 45. Ke2 Nb5 46. Rd3 Ndc3+
47. Kd2 Nb1+ 48. Ke2 N5c3+ 49. Rxc3 Nxc3+ 50. Kf2 Ne4+ 51. Ke2 Nc3+ 52. Kf2
Nd1+ 53. Ke2 Nxe3 54. Kxe3 Ra7 55. g4 Ra3+ 56. Kf2 Ke7 57. h4 Kd6 58. h5 Kd5
59. g5 Ke4 60. Nh4 fxg5 61. fxg5 Rh3 0-1

[Event "III Torneo Internacional De Promoción"]
[Site "S. S. De Los Reyes (Madrid)"]
[Date "2004.04.05"]
[Round "3"]
[White "Almagro Llanas, Pablo"]
[Black "Camarena Gimenez, Rufino"]
[Result "1-0"]
[WhiteElo "2389"]
[BlackElo "2348"]
[PlyCount "57"]
[EventDate "2004.04.??"]
[SourceDate "2004.04.03"]

1. e4 e6 2. d4 d5 3. Nc3 dxe4 4. Nxe4 Bd7 5. Nf3 Bc6 6. Bd3 Nd7 7. Qe2 Bxe4 8.
Bxe4 c6 9. O-O Ngf6 10. Bd3 Bd6 11. Bg5 Qc7 12. Rfe1 h6 13. Bh4 g5 14. Bg3 Bxg3
15. hxg3 O-O-O 16. b4 g4 17. Ne5 Nxe5 18. dxe5 Nd7 19. a4 h5 20. Qe3 h4 21. b5
hxg3 22. fxg3 Qb6 23. bxc6 bxc6 24. Rab1 Qxe3+ 25. Rxe3 Nc5 26. Be2 Rhg8 27.
Rc3 Nb7 28. Ba6 Rd7 29. Rxb7 1-0

[Event "III Torneo Internacional De Promoción"]
[Site "S. S. De Los Reyes (Madrid)"]
[Date "2004.04.05"]
[Round "4"]
[White "Braga, Fernando"]
[Black "Camarena Gimenez, Rufino"]
[Result "1/2-1/2"]
[WhiteElo "2443"]
[BlackElo "2348"]
[PlyCount "125"]
[EventDate "2004.04.??"]
[SourceDate "2004.04.03"]

1. c4 e5 2. g3 Nf6 3. Bg2 Nc6 4. d3 Bb4+ 5. Nd2 O-O 6. Ngf3 Re8 7. O-O a5 8. a3
Bxd2 9. Nxd2 a4 10. Nb1 d5 11. cxd5 Nxd5 12. Nc3 Nb6 13. b4 axb3 14. Qxb3 Nd4
15. Qb2 c6 16. a4 Be6 17. Be3 Re7 18. Rfe1 f6 19. Reb1 Ra6 20. Ra3 Bg4 21. h3
Bh5 22. Qa1 Bf7 23. Rb2 Nd5 24. Bd2 h6 25. e3 Nxc3 26. Bxc3 Ne6 27. Bf1 Ra7 28.
h4 Rd7 29. Bb4 Kh8 30. Qb1 Bg6 31. a5 c5 32. Be1 c4 33. Bh3 Bxd3 34. Qa2 f5 35.
Kh2 Rf7 36. Bc3 Qd5 37. Bg2 e4 38. a6 Rxa6 39. Rxa6 bxa6 40. Qxa6 Kh7 41. Bh3
Nc7 42. Qc8 Nb5 43. Rxb5 Qxb5 44. Qe6 Kg8 45. h5 Be2 46. Be5 Bg4 47. Bf1 Qd7
48. Bxc4 Qxe6 49. Bxe6 Bxh5 50. Bd6 g5 51. Bxf7+ Kxf7 52. Be5 Bf3 53. Bb8 Kg6
54. Bc7 Kh5 55. Be5 Kg4 56. Bg7 h5 57. Be5 Be2 58. Kg2 h4 59. gxh4 gxh4 60. Bf4
Bc4 61. Bd6 h3+ 62. Kg1 Kf3 63. Bf4 1/2-1/2

[Event "III Torneo Internacional De Promoción"]
[Site "S. S. De Los Reyes (Madrid)"]
[Date "2004.04.05"]
[Round "4"]
[White "San Emeterio Cabanes, Jose Luis"]
[Black "Almagro Llanas, Pablo"]
[Result "1-0"]
[WhiteElo "2360"]
[BlackElo "2389"]
[PlyCount "61"]
[EventDate "2004.04.??"]
[SourceDate "2004.04.03"]

1. b3 d5 2. Bb2 Bg4 3. g3 e6 4. Bg2 Nf6 5. Nf3 Nbd7 6. h3 Bh5 7. d3 Bd6 8. Nbd2
Qe7 9. a3 a5 10. e4 dxe4 11. dxe4 Be5 12. Bxe5 Nxe5 13. g4 Nxf3+ 14. Qxf3 Bg6
15. e5 Nd5 16. c4 Nb6 17. Qxb7 O-O 18. O-O Qc5 19. Rfe1 Rad8 20. Nf1 Bc2 21. b4
axb4 22. axb4 Qxb4 23. Rec1 Bd3 24. c5 Rb8 25. Qxc7 Nc4 26. c6 Rfc8 27. Qa7
Bxf1 28. Rxf1 Nxe5 29. c7 Rb5 30. Qa6 Rxc7 31. Qxb5 1-0

[Event "III Torneo Internacional De Promoción"]
[Site "S. S. De Los Reyes (Madrid)"]
[Date "2004.04.05"]
[Round "4"]
[White "Mascaro March, Pedro"]
[Black "Lopez Del Alamo, Antonio"]
[Result "1/2-1/2"]
[WhiteElo "2309"]
[BlackElo "2274"]
[PlyCount "93"]
[EventDate "2004.04.??"]
[SourceDate "2004.04.03"]

1. d4 Nf6 2. c4 g6 3. Nc3 Bg7 4. e4 d6 5. Be2 O-O 6. Nf3 e5 7. O-O Nc6 8. d5
Ne7 9. Ne1 Nd7 10. Be3 f5 11. f3 f4 12. Bf2 g5 13. Rc1 Ng6 14. c5 Nxc5 15. b4
Na6 16. Nd3 Rf7 17. Nb5 Bf8 18. Rc3 Bd7 19. a4 h5 20. Kh1 Rg7 21. g3 fxg3 22.
hxg3 Qb8 23. Na3 Qc8 24. Kh2 g4 25. fxg4 hxg4 26. Nc4 Qe8 27. b5 Nf4 28. Rh1
Qh5+ 29. Kg1 Nh3+ 30. Kg2 Nc5 31. Nxc5 dxc5 32. Ne3 Qg6 33. Qc2 Bd6 34. Nf5 Rf8
35. Bxg4 Nxf2 36. Qxf2 Rh7 37. Rxh7 Qxh7 38. Rc1 Rf6 39. Rh1 Bxf5 40. Bxf5 Qg7
41. Rh4 Kf8 42. Qe3 Ke8 43. Rh7 Qg8 44. Qf3 Qxh7 45. Bxh7 Rxf3 46. Kxf3 Kf7 47.
Bf5 1/2-1/2

[Event "III Torneo Internacional De Promoción"]
[Site "S. S. De Los Reyes (Madrid)"]
[Date "2004.04.05"]
[Round "4"]
[White "Herrera, Irisberto"]
[Black "Llanes Hurtado, Miguel"]
[Result "1/2-1/2"]
[WhiteElo "2431"]
[BlackElo "2299"]
[PlyCount "122"]
[EventDate "2004.04.??"]
[SourceDate "2004.04.03"]

1. e4 d6 2. d4 Nf6 3. Nc3 e5 4. Nf3 Nbd7 5. Bc4 Be7 6. O-O c6 7. a4 Qa5 8. Ba2
O-O 9. h3 exd4 10. Nxd4 Nc5 11. Re1 Kh8 {(=).} 12. Bd2 Qb6 13. a5 Qxa5 14. b4
Qxb4 15. Ncb5 Qa4 16. Bb3 Qxa1 17. Qxa1 cxb5 18. Nxb5 Bd7 19. Nc7 Rac8 20. Nd5
Nxd5 21. Bxd5 a6 22. Bc3 f6 23. Bd4 Bc6 24. h4 Bxd5 25. exd5 Rf7 26. h5 h6 27.
Qd1 Bf8 28. Qg4 Nd7 29. Qf5 Rd8 30. f4 Kg8 31. g4 Be7 32. Re3 Nc5 33. Qg6 Nd7
34. Qf5 Nc5 35. Bxc5 dxc5 36. Re6 Bf8 37. c4 b5 38. Rxa6 bxc4 39. Qc2 Rxd5 40.
Qxc4 Rd4 41. Qe6 Rdd7 42. Ra8 Rc7 43. Qc4 Kh7 44. Kg2 Ra7 45. Rxa7 Rxa7 46. Kf3
Rd7 47. Qe4+ Kg8 48. Qe6+ Rf7 49. Qd5 Be7 50. Ke4 f5+ 51. gxf5 Bf6 52. Qe6 Kf8
53. Qc8+ Ke7 54. Kd5 Bd4 55. Qc7+ Ke8 56. Qc8+ Ke7 57. Qb7+ Kf8 58. Qc8+ Ke7
59. Qb7+ Kf8 60. Qa8+ Ke7 61. Qb7+ Kf8 1/2-1/2

[Event "III Torneo Internacional De Promoción"]
[Site "S. S. De Los Reyes (Madrid)"]
[Date "2004.04.05"]
[Round "4"]
[White "Escobar Forero, Alder"]
[Black "Zlotnik, Boris A"]
[Result "1/2-1/2"]
[WhiteElo "2405"]
[BlackElo "2424"]
[PlyCount "37"]
[EventDate "2004.04.??"]
[SourceDate "2004.04.03"]

1. e4 e6 2. d4 d5 3. Nc3 Bb4 4. e5 c5 5. a3 Bxc3+ 6. bxc3 Ne7 7. Nf3 Qc7 8. a4
h6 9. Bd3 b6 10. O-O Ba6 11. Ba3 Bxd3 12. cxd3 Nd7 13. dxc5 bxc5 14. d4 O-O 15.
c4 Rfc8 16. Rc1 Qa5 17. dxc5 Nxc5 18. Nd4 a6 19. Bxc5 1/2-1/2

[Event "III Torneo Internacional De Promoción"]
[Site "S. S. De Los Reyes (Madrid)"]
[Date "2004.04.06"]
[Round "5"]
[White "Zlotnik, Boris A"]
[Black "Braga, Fernando"]
[Result "1/2-1/2"]
[WhiteElo "2424"]
[BlackElo "2443"]
[PlyCount "25"]
[EventDate "2004.04.??"]
[SourceDate "2004.04.03"]

1. d4 Nf6 2. Nf3 e6 3. c4 d5 4. Nc3 Nbd7 5. cxd5 exd5 6. Bg5 Bb4 7. Nd2 c6 8.
e3 O-O 9. Bd3 Re8 10. O-O Nf8 11. a3 Bd6 12. e4 dxe4 13. Ndxe4 1/2-1/2

[Event "III Torneo Internacional De Promoción"]
[Site "S. S. De Los Reyes (Madrid)"]
[Date "2004.04.06"]
[Round "5"]
[White "Llanes Hurtado, Miguel"]
[Black "Escobar Forero, Alder"]
[Result "1-0"]
[WhiteElo "2299"]
[BlackElo "2405"]
[PlyCount "105"]
[EventDate "2004.04.??"]
[SourceDate "2004.04.03"]

1. d4 d6 2. e4 Nf6 3. Nc3 g6 4. f4 Bg7 5. Nf3 O-O 6. e5 Ne8 7. Be3 c5 8. dxc5
Nc6 9. Bb5 Bg4 10. cxd6 exd6 11. O-O Qa5 12. h3 {(=).} 12... Bxf3 13. Qxf3 Rc8
14. Qf2 dxe5 15. Bc5 Nd4 16. Bxf8 Bxf8 17. Bxe8 Bc5 18. Kh1 Rxe8 19. Ne4 Be7
20. fxe5 Nf5 21. g4 Qxe5 22. gxf5 Qxe4+ 23. Qf3 gxf5 24. Rae1 Qxc2 25. Qxf5
Qc6+ 26. Qf3 Kf8 27. Qxc6 bxc6 28. Rf5 Rb8 29. b3 h6 30. Ref1 f6 31. Rh5 Kg7
32. Rg1+ Kh7 33. Rc1 c5 34. Rd5 Rb7 35. Rcd1 Rb6 36. Rd7 Re6 37. Rxa7 Kg6 38.
Rad7 f5 39. a4 Bf6 40. Rg1+ Kh5 41. Rd5 Bd4 42. Rxf5+ Kh4 43. Rf4+ Kh5 44. Rgg4
Bf6 45. Rf5+ Bg5 46. Rxc5 Re3 47. Kg2 Rxb3 48. Rgc4 Kg6 49. h4 Be7 50. Rb5 Ra3
51. Rc6+ Kf7 52. Rxh6 Kg7 53. Ra6 1-0

[Event "III Torneo Internacional De Promoción"]
[Site "S. S. De Los Reyes (Madrid)"]
[Date "2004.04.06"]
[Round "5"]
[White "Lopez Del Alamo, Antonio"]
[Black "Herrera, Irisberto"]
[Result "1-0"]
[WhiteElo "2274"]
[BlackElo "2431"]
[PlyCount "67"]
[EventDate "2004.04.??"]
[SourceDate "2004.04.03"]

1. e4 c5 2. Nf3 Nc6 3. Bb5 g6 4. Bxc6 dxc6 5. d3 Bg7 6. h3 e5 7. Be3 Qe7 8. Qd2
h6 9. Qc3 b6 10. b4 a5 11. bxc5 b5 12. O-O f5 13. exf5 gxf5 14. Re1 Kf8 15. d4
e4 16. Bf4 Qe6 17. Bd6+ Ne7 18. Ne5 Bxe5 19. dxe5 Rg8 20. f3 Rg3 21. Nd2 Kf7
22. Bxe7 Kxe7 23. Qd4 Qd5 24. Qf2 Rg6 25. fxe4 Qg8 26. Re2 f4 27. Rd1 Ke8 28.
Qh4 Be6 29. Nf3 Qg7 30. Rd6 Bxa2 31. Red2 Be6 32. Qh5 Qf7 33. Kh1 Kf8 34. Nh4
$138 {Tiempo.} 1-0

[Event "III Torneo Internacional De Promoción"]
[Site "S. S. De Los Reyes (Madrid)"]
[Date "2004.04.06"]
[Round "5"]
[White "Almagro Llanas, Pablo"]
[Black "Mascaro March, Pedro"]
[Result "1-0"]
[WhiteElo "2389"]
[BlackElo "2309"]
[PlyCount "51"]
[EventDate "2004.04.??"]
[SourceDate "2004.04.03"]

1. e4 c5 2. Nf3 d6 3. d4 cxd4 4. Nxd4 Nf6 5. Nc3 g6 6. Be3 Bg7 7. f3 Nc6 8. Qd2
O-O 9. Bc4 Bd7 10. h4 Ne5 11. Bb3 Qa5 12. h5 Nxh5 13. Bh6 Rfc8 14. Nde2 Rc5 15.
Bxg7 Kxg7 16. O-O-O Rac8 17. Kb1 Nc4 18. Bxc4 Rxc4 19. g4 Nf6 20. Qh6+ Kg8 21.
g5 Nh5 22. Rxh5 gxh5 23. Nd5 Qd8 24. Nef4 Qf8 25. Nxe7+ Qxe7 26. Nd5 1-0

[Event "III Torneo Internacional De Promoción"]
[Site "S. S. De Los Reyes (Madrid)"]
[Date "2004.04.06"]
[Round "5"]
[White "Camarena Gimenez, Rufino"]
[Black "San Emeterio Cabanes, Jose Luis"]
[Result "1-0"]
[WhiteElo "2348"]
[BlackElo "2360"]
[PlyCount "67"]
[EventDate "2004.04.??"]
[SourceDate "2004.04.03"]

1. d4 Nf6 2. c4 g6 3. Nc3 Bg7 4. e4 d6 5. Nf3 O-O 6. Be2 e5 7. dxe5 dxe5 8.
Qxd8 Rxd8 9. Bg5 Re8 10. O-O-O h6 11. Be3 c6 12. h3 Na6 13. Nh2 Nd7 14. h4 Ndc5
15. h5 g5 16. Bg4 Ne6 17. Rd2 Bf8 18. Rhd1 Kg7 19. Ne2 Bb4 20. Rc2 Bc5 21. Ng3
Nb4 22. Bxc5 Nxc5 23. Rcd2 Nxa2+ 24. Kb1 Nb4 25. Bxc8 Raxc8 26. Nf5+ Kf8 27. f3
b5 28. Ng4 bxc4 29. Nf6 Ncd3 30. Nxe8 Rxe8 31. Nd6 Rd8 32. Nxc4 f6 33. Ne3 Kg7
34. Nc2 1-0